The industrialization of design : (Record no. 354101)
[ view plain ]
| 000 -LEADER | |
|---|---|
| fixed length control field | 02009cam a22003374a 4500 |
| 001 - CONTROL NUMBER | |
| control field | 16534358 |
| 003 - CONTROL NUMBER IDENTIFIER | |
| control field | OSt |
| 005 - DATE AND TIME OF LATEST TRANSACTION | |
| control field | 20180116192431.0 |
| 008 - FIXED-LENGTH DATA ELEMENTS--GENERAL INFORMATION | |
| fixed length control field | 101105s2011 ncua b 001 0 eng |
| 010 ## - LIBRARY OF CONGRESS CONTROL NUMBER | |
| LC control number | 2010043892 |
| 020 ## - INTERNATIONAL STANDARD BOOK NUMBER | |
| International Standard Book Number | 9780786442546 (softcover : alk. paper) |
| 020 ## - INTERNATIONAL STANDARD BOOK NUMBER | |
| International Standard Book Number | 0786442549 (softcover : alk. paper) |
| 035 ## - SYSTEM CONTROL NUMBER | |
| System control number | (OCoLC)ocn681534308 |
| 040 ## - CATALOGING SOURCE | |
| Original cataloging agency | DLC |
| Transcribing agency | DLC |
| Modifying agency | YDX |
| -- | YDXCP |
| -- | CDX |
| -- | OMB |
| -- | DLC |
| 042 ## - AUTHENTICATION CODE | |
| Authentication code | pcc |
| 050 00 - LIBRARY OF CONGRESS CALL NUMBER | |
| Classification number | TS171.4 |
| Item number | .G36 2011 |
| 082 00 - DEWEY DECIMAL CLASSIFICATION NUMBER | |
| Classification number | 745.2 |
| Edition number | 22 |
| 100 1# - MAIN ENTRY--PERSONAL NAME | |
| Personal name | Gantz, Carroll, |
| Dates associated with a name | 1931- |
| 9 (RLIN) | 8178 |
| 245 14 - TITLE STATEMENT | |
| Title | The industrialization of design : |
| Remainder of title | a history from the steam age to today / |
| Statement of responsibility, etc. | Carroll Gantz. |
| 260 ## - PUBLICATION, DISTRIBUTION, ETC. | |
| Place of publication, distribution, etc. | Jefferson, N.C. : |
| Name of publisher, distributor, etc. | McFarland, |
| Date of publication, distribution, etc. | c2011. |
| 300 ## - PHYSICAL DESCRIPTION | |
| Extent | vii, 322 p. : |
| Other physical details | ill. ; |
| Dimensions | 26 cm. |
| 504 ## - BIBLIOGRAPHY, ETC. NOTE | |
| Bibliography, etc. note | Includes bibliographical references and index. |
| 505 0# - FORMATTED CONTENTS NOTE | |
| Formatted contents note | Pre-1800: Twin revolutions -- 1800-1850: The American system -- 1850-1875: International competition -- 1875-1900: The "new" decorative art -- 1900-1918: Architects take the lead -- 1918-1927: Modern design takes root -- 1927-1936: American modern design -- 1936-1945: Dreams of the future and war -- 1945-1950: Postwar recovery and consolidation -- 1950-1965: Imports and contradictions -- 1965-1985: Challenges and computers -- 1985-2010: Global design -- Appendix I. Biographies -- Appendix II. Past presidents of industrial design organizations. |
| 520 ## - SUMMARY, ETC. | |
| Summary, etc. | "Industrial design is a fundamental component of the traditional consumer experience. This book traces the history of industrial design over three centuries, beginning with the eighteenth-century industrial revolution. It identifies the major figures, organizations, styles and evolutionary events of the profession"-- |
| 650 #0 - SUBJECT ADDED ENTRY--TOPICAL TERM | |
| Topical term or geographic name entry element | Industrial design |
| General subdivision | History. |
| 9 (RLIN) | 8179 |
| 650 #0 - SUBJECT ADDED ENTRY--TOPICAL TERM | |
| Topical term or geographic name entry element | Product design |
| General subdivision | History. |
| 9 (RLIN) | 8180 |
| 650 #0 - SUBJECT ADDED ENTRY--TOPICAL TERM | |
| Topical term or geographic name entry element | Technology |
| General subdivision | History. |
| 9 (RLIN) | 8181 |
| 906 ## - LOCAL DATA ELEMENT F, LDF (RLIN) | |
| a | 7 |
| b | cbc |
| c | orignew |
| d | 1 |
| e | ecip |
| f | 20 |
| g | y-gencatlg |
| 942 ## - ADDED ENTRY ELEMENTS (KOHA) | |
| Source of classification or shelving scheme | |
| Koha item type | Book |
| Withdrawn status | Lost status | Source of classification or shelving scheme | Damaged status | Not for loan | Permanent Location | Current Location | Date acquired | Total Checkouts | Full call number | Barcode | Date last seen | Date last checked out | Copy number | Cost, replacement price | Price effective from | Koha item type |
|---|---|---|---|---|---|---|---|---|---|---|---|---|---|---|---|---|
| School of Art Design and Architecture (SADA) | School of Art Design and Architecture (SADA) | 08/06/2015 | 1 | 745.2 GAN 2011 | SADA0002495 | 08/29/2016 | 08/29/2016 | 01 | 6940.94 | 08/13/2015 | Book |
